Stadi Serie A - Statistics

Statistiche generali
  • Questo quiz è stato fatto 104 volte
  • Il punteggio medio è 26 su 61
Statistiche sulle risposte
con Immagini Hint Risposta % Corretto
Inter / Milan Stadio Giuseppe Meazza / San Siro
93%
Lazio / Roma Stadio Olimpico
93%
Juventus Juventus Stadium / Allianz Stadium
89%
Napoli Stadio Diego Armando Maradona
88%
Fiorentina Stadio Artemio Franchi
85%
Torino Stadio Olimpico Grande Torino
83%
Bari Stadio San Nicola
83%
Chievo Verona / Hellas Verona Stadio Marcantonio Bentegodi
79%
Bologna Stadio Renato Dall'Ara
79%
Genoa / Sampdoria / Sampierdarenese Stadio Luigi Ferraris
75%
Atalanta Gewiss Stadium
74%
Reggiana / Sassuolo Mapei Stadium
74%
Udinese Stadio Friuli / Dacia Arena
74%
Palermo Stadio Renzo Barbera
74%
Lecce Stadio Via del Mare
74%
Monza Stadio Brianteo / U Power Stadium
68%
Parma Stadio Ennio Tardini
65%
Cagliari Unipol Domus / Sardegna Arena
63%
Empoli Stadio Carlo Castellani
57%
Salernitana Stadio Arechi
54%
Venezia Stadio Pierluigi Penzo
48%
Como Stadio Giuseppe Sinigaglia
45%
Pescara Stadio Adriatico
43%
Catania Stadio Angelo Massimino
43%
Siena Stadio Artemio Franchi
43%
Cesena Orogel Stadium / Stadio Dino Manuzzi
42%
Frosinone Stadio Benito Stirpe
42%
Spezia Stadio Alberto Picco
38%
Brescia Stadio Rigamonti
38%
Pisa Stadio Romeo Anconetani / Arena Garibaldi
38%
Triestina Stadio Nereo Rocco
37%
Cremonese Stadio Giovanni Zini
35%
Perugia Stadio Renato Curi
33%
Livorno Stadio Armando Picchi
32%
Benevento Stadio Ciro Vigorito
32%
Crotone Stadio Ezio Scida
31%
Carpi / Modena Stadio Alberto Braglia
30%
Padova Stadio Euganeo
29%
Ternana Stadio Libero Liberati
29%
Reggina Stadio Oreste Granillo
29%
Ascoli Stadio Cino e Lillo Del Duca
26%
Avellino Stadio Partenio / Adriano Lombardi
26%
Ancona Stadio Del Conero
25%
Foggia Stadio Pino Zaccheria
25%
Vicenza Stadio Romeo Menti
25%
Novara Stadio Silvio Piola
25%
Spal Stadio Paolo Mazza
24%
Alessandria Stadio Giuseppe Moccagatta
23%
Messina Stadio San Filippo / Franco Scoglio
20%
Pro Vercelli Stadio Silvio Piola
17%
Piacenza Stadio Leonardo Garilli
15%
Catanzaro Stadio Nicola Ceravolo
15%
Treviso Stadio Omobono Tenni
13%
Lecco Stadio Rigamonti Ceppi
13%
Lucchese Stadio Porta Elisa
12%
Mantova Stadio Danilo Martelli
11%
Varese Stadio Franco Ossola
10%
Pro Patria Stadio Carlo Speroni
8%
Legnano Stadio Giovanni Mari
8%
Casale Stadio Natale Palli
6%
Pistoiese Stadio Marcello Melani
5%
Nessun quiz corrispondente trovato
Distribuzione punteggi
Percentuale di utenti per punteggio
Percentile per numero di risposta
I tuoi punteggi nel tempo
Non hai fatto questo quiz